| 000 | 01012na a2200289 4500 | ||
|---|---|---|---|
| 999 |
_c5610 _d5610 |
||
| 001 | 21420 | ||
| 003 | MIRAKIL | ||
| 005 | 20210129160241.0 | ||
| 008 | 170204b tu 000 0 | ||
| 035 | _a17005 | ||
| 040 |
_aMilas _btur _cTR-AnCHP |
||
| 041 | _atur | ||
| 082 |
_aCHP 342.06082 _bK46 2013 |
||
| 090 | _aBROŞÜR 302 | ||
| 245 |
_a40 soruda yeni Büyükşehir Belediye Yasası/ _c[derleyen] CHP Yerel Yönetimler Başkanlığı. |
||
| 260 |
_aAnkara: _bCHP Yerel Yönetimler Başkanlığı, _c2013. |
||
| 300 |
_a81 s.: _brnk. res.; tbl., _c20 sm. |
||
| 440 | _aCHP Yerel Yönetimler yayınları | ||
| 650 |
_aYerel yönetimler _xHukuk ve mevzuat _zTürkiye |
||
| 650 |
_aBelediyeler _xHukuk ve mevzuat _zTürkiye |
||
| 710 |
_aCumhuriyet Halk Partisi (CHP) _bYerel Yönetimler Başkanlığı |
||
| 942 |
_2ddc _cVIS |
||
| 999 | _d5610 | ||
| 999 | _d5610 | ||